| 000 | 00744nam a2200229Ia 4500 | ||
|---|---|---|---|
| 003 | OSt | ||
| 005 | 20220926022329.0 | ||
| 006 | a|||||r|||| 00| 0 | ||
| 007 | ta | ||
| 008 | 220923b |||||||| |||| 00| 0 eng d | ||
| 037 | _cGeneral Book | ||
| 040 |
_aRTL _cRTL _beng |
||
| 041 |
_2eng _aeng |
||
| 082 | _aV1N45,93:3.N75, L5/UN | ||
| 110 | _aUnited Nations, Economic and social council | ||
| 245 | 0 |
_aOfficial records _b Fifty-ninth session, paliasdes nations, Geneva, 2-31july 1975 |
|
| 260 |
_aNew York _bUnited Nations Publications _c1975 |
||
| 300 |
_axvii;156p _ccm. |
||
| 700 | _aUnited Nations, Economic and social council | ||
| 942 |
_hV1N45,93:3.N75, L5/UN _cGB _2CC |
||
| 999 |
_c639182 _d639182 |
||